| 000 | 00591nam a22002057a 4500 | ||
|---|---|---|---|
| 003 | BUBTL | ||
| 008 | 210207b xxu||||| |||| 00| 0 eng d | ||
| 020 | _a978113804487 | ||
| 082 | _a519.201 / B2682p | ||
| 100 |
_93858 _aBaron, Michael |
||
| 245 |
_aProbability and Statistics for Computer Scientists / _cMichael Baron |
||
| 250 | _a3rd ed. | ||
| 260 |
_aBoca Raton : _bCRC Press _cc2019. |
||
| 300 |
_axix, 465 p. : _c26 cm. |
||
| 500 | _aIncludes Index | ||
| 650 | 0 |
_9171 _aStatistics |
|
| 856 |
_k0 _l0 _yDownload |
||
| 942 |
_2ddc _cBK |
||
| 999 |
_c6433 _d6433 |
||